Town Names of Native American origin in New England - Statistics

General Stats
  • This quiz has been taken 17 times
  • The average score is 10 of 54
Answer Stats
State Name Answer % Correct
Massachusetts Nantucket
67%
Rhode Island Pawtucket
67%
Massachusetts Scituate
58%
Rhode Island Scituate
58%
Rhode Island Woonsocket
50%
Massachusetts Agawam
42%
Massachusetts Chicopee
42%
Massachusetts Mattapoisett
42%
Rhode Island Narragansett
42%
Massachusetts Seekonk
42%
Massachusetts Merrimac
33%
Maine Ogunquit
33%
Massachusetts Swampscott
33%
Maine Caribou
25%
Maine Kennebunk
25%
Massachusetts Mashpee
25%
New Hampshire Merrimack
25%
Massachusetts Nahant
25%
New Hampshire Nashua
25%
Massachusetts Natick
25%
Massachusetts Cohasset
17%
Maine Kennebunkport
17%
Maine Millinocket
17%
Connecticut Naugatuck
17%
Maine Orono
17%
New Hampshire Ossipee
17%
Maine Saco
17%
Massachusetts Saugus
17%
New Hampshire Sunapee
17%
Maine Madawaska
8%
Maine Sebago
8%
Maine Skowhegan
8%
Vermont Winooski
8%
Maine Wiscasset
8%
Maine Allagash
0%
Maine Arrowsic
0%
Maine Carrabassett Valley
0%
Maine Casco
0%
Maine Damariscotta
0%
Maine East Millinocket
0%
New Hampshire Hooksett
0%
Vermont Jamaica
0%
Maine Kenduskeag
0%
Maine Machias
0%
Maine Machiasport
0%
Maine Macwahoc
0%
Maine Mattawamkeag
0%
Maine Monhegan
0%
Connecticut Norwalk
0%
Maine Passadumkeag
0%
Maine Sabattus
0%
Maine Sebec
0%
Maine Seboeis
0%
Maine Willimantic
0%
No matching quizzes found
Score Distribution
Percent of People with Each Score
Percentile by Number Answered
Your Score History
You have not taken this quiz